01904cgm a2200385 c 4500001001300000005001700013007001000030008004100040015000800081024001800089028005900107028005200166040004900218041001800267245004500285260006400330300002400394500004200418508007000460511003600530520040600566521004500972538002301017546010201040586005901142586004501201586007001246650004401316650004301360650002101403650002001424700003301444700002101477765002001498ocn97170170020180418123212.0vd cvaiz|180305s2016 enk115 e vlmul d aNNN a750600597889242a74825bRTC DVDB-4450bSony Pictures Home Entertainment42aRTC DVDB-4450bSony Pictures Home Entertainment aCo-BoUCMbspacSaul NiñodSaul Niñobspa1 aengaspaapor04aThe danish girlcdirigida por Tom Hooper aReino UnidobAnamorphic widescreenbUniversal Studiosc2016 a1 DVD (115 minutos) aBadaso en el libro de David Ebershoff amusic by Alexandre Desplat ; director of photography, Danny Cohen1 aEddie Redmayne, Alicia Vikander aDrama basado en la verdadera historia de una pareja de artistas daneses, Einar y Gerda Wegener. La vida de este matrimonio dio un giro cuando Einar sustituyó a la modelo femenina que su mujer, Gerda, tenía que pintar. Cuando los retratos resultan ser un éxito, ella anima a su marido a adoptar una apariencia femenina. Lo que comenzó como un juego llevó a Einar a una metamorfosis inesperada8 aNo recomendada para menores de 12 años aZona 1 Dolby audio aAudio en inglés, español y portugués con subtítulos en inglés, español y portugués. aOscar, 2016: Mejor Actriz de Reparto (Alicia Vikander) aOscar a la mejor actriz de reparto, 2015 aPremio a la mejor actriz de reparto en los Satellite Awards, 2015 7aPelículas cinematográficas zEuropa 7aPelículas cinematográficas xDrama 7aPintores xDrama 7aMujeres xDrama1 aHooper, Tomd1972-edirector1 aEbershoff, David aLa chica danesa